|
|
|
|
| LEADER |
00000naa a2200000 i 4500 |
| 001 |
publ219 |
| 005 |
20150122131302.0 |
| 008 |
150106s2014 hu o 000 zxx d |
| 020 |
|
|
|a 978-963-7159-92-3
|
| 040 |
|
|
|a BGE Publikációtár Repozitórium
|b hun
|
| 100 |
1 |
|
|a Bánhalmi Árpád
|
| 245 |
1 |
0 |
|a Mire jó a Yule-féle asszociációs együttható és mire nem?
|c Bánhalmi Árpád
|h [elektronikus dokumentum]
|
| 260 |
|
|
|a Budapesti Gazdasági Főiskola
|b Budapest
|c 2014
|
| 300 |
|
|
|a 84-112
|
| 490 |
0 |
|
|a Alkalmazott tudományok I. fóruma: Konferenciakötet
|
| 650 |
|
4 |
|a matematika- és számítástudományok
|
| 695 |
|
|
|a Matematika
|
| 695 |
|
|
|a Asszociáció
|
| 856 |
4 |
0 |
|u https://publikaciotar.uni-bge.hu/id/eprint/219/1/B%C3%A1nhalmi.pdf
|z Dokumentum-elérés
|